=LDR 00000nam 2200000 4500 =001 INLIS000000000024793 =005 20130612123344 =008 ***********************************Ind** =035 ##$$0010-061300000024793 =041 ##$$a Ind =082 ##$$a 627.23 =090 ##$$a 627.23, Cho k =100 ##$$a Chow, Ven Te =245 ##$$a Hidrolika saluran terbuka, Ven Te chow =260 ##$$a 189 $b Jakarta =300 ##$$a 598 hlm, ilus6c23 cm =650 ##$$a Hidrolika =850 ##$$a NBPNMAT